Assassins célèbres - Statistiques

Statistiques générales
  • Ce quiz a été pris 206 fois
    167 depuis la dernière actualisation
  • Le résultat moyen est 6 sur 15
Statistiques - réponses
Assassin Victime % Correct
Brutus César
91%
François Ravaillac Henri IV
77%
Charlotte Corday Marat
71%
John Wilkes Booth Lincoln
59%
Lee Harvey Oswald John Fitzgerald Kennedy
58%
Jacques Clément Henri III
38%
Raoul Villain Jaurès
38%
Felix Ioussoupov Raspoutine
32%
Nathuram Vinayak Godse Gandhi
31%
Ramon Mercader Trotski
25%
Ygal Amir Rabin
24%
Princip Archiduc François Ferdinand
23%
Sante Geronimo Caserio Carnot
23%
Paul Gorgulof Doumer
19%
Khalid Istambouli Sadate
11%
Aucun quiz correspondant
Distribution des résultats
% des personnes avec chaque résultat
Percentile par nombre de réponses
Votre historique - résultats
Vous n’avez pas pris ce quiz depuis la dernière actualisation